Cartoon Characters Quiz! #9 - Statistics

General Stats
  • This quiz has been taken 76 times
  • The average score is 11 of 15
Answer Stats
Picture Answer % Correct
Hello Kitty
98%
Peter Pan
98%
Grinch
96%
Pinocchio
94%
Pluto
94%
Rick & Morty
87%
Clifford
81%
Cat In The Hat
72%
He-Man
72%
Naruto
72%
Goku
68%
Tintin
60%
Courage
57%
Monkey D. Luffy
49%
Space Ghost
36%
No matching quizzes found
Score Distribution
Percent of People with Each Score
Percentile by Number Answered
Your Score History
You have not taken this quiz